=LDR 00000nam 2200000 4500 =001 INLIS000000000018554 =005 20130612113726 =008 ***********************************Ind** =035 ##$$0010-061300000018554 =041 ##$$a Ind =082 ##$$a R.439.303 =090 ##$$a R.439.303, Rah k =100 ##$$a Rahayukusumah, Dace =245 ##$$a Kamus Belanda-Indonesia, oleh Datja Raharjo Koesoemah =260 ##$$a 1991 $b Jakarta =300 ##$$a ...jil, 22 cm =650 ##$$a Kamus Belanda-Indonesia =850 ##$$a NBPNMAT